000 00525nam a2200169 i 4500
001 90616
003 ES-MaACL
005 20230906180517.0
007 t|
008 050121s1973 sp ||||1| spa d
100 1 _aLehouck, Emile.
_971354
245 1 0 _aFourier o la armonía y el caos /
_cEmile Lehouck ; [traducción de María Teresa López Pardinas].
260 _aBarcelona :
_bLabor,
_c[1973]
300 _a269 p. ;
_c19 cm.
700 1 _aLópez Pardinas, María Teresa.
_973863
852 _aES-MaACL
_jC-55797
_bR.88585
999 _c90616
_d90616